000 00345nam a2200145Ia 4500
008 230718s9999 xx 000 0 und d
041 _aEng.
082 _a320.95
_bAHM-G
100 _aAhmad, Mushtaq
245 0 _aGovernment Polictics in Pakistan
260 _aPakistan
_bRoyal Book co.
_c2009
300 _a383
650 _aLaw
999 _c31105
_d31105